| 000 | 00759nam a22001811a 4500 | ||
|---|---|---|---|
| 001 | 12237 | ||
| 003 | OSt | ||
| 005 | 20260204212318.0 | ||
| 008 | 150331s2013|||| ||||||b||||||||||spa|| | ||
| 020 | _a9789945887778 | ||
| 082 | _aRD 972.9375054 G243h | ||
| 100 | _aGarskaf, Josse Hoffning | ||
| 245 | _aHistoria de dos Ciudades: Santo Domingo y Nueva York despues de 1950/ Jjosse Hoffning Garskaf | ||
| 300 | _a478 p. | ||
| 500 | _aIncluye Bibliografia | ||
| 650 | _a1-DOMINICO AMERICANO- NEW YORK (ESTADO)- NEW YORK- CONDICIONES SOCIALES- SIGLO XX 2-INMIGRANTES- NEW YORK- (ESTADO)- CODICIONES SOCIALES 3- DOMINICANO- MIGRCION- HISTORIA - SIGLO XX 4-TRASNACIONALISMO- ESTADO DE CARAS- SOCIOLOGIA URBANA- ESTADOS- ESTUDIO DE CASOLISMOĆ | ||
| 942 |
_2ddc _cBK |
||
| 999 |
_c12237 _d12237 |
||